Tres ensayos sobre el Estado de la ciencia económica : (Registro nro. 5404)
[ vista simple ]
| 000 -LEADER | |
|---|---|
| fixed length control field | 01323nam a2200301Ia 4500 |
| 003 - CONTROL NUMBER IDENTIFIER | |
| control field | OSt |
| 005 - DATE AND TIME OF LATEST TRANSACTION | |
| control field | 20200520173516.0 |
| 008 - FIXED-LENGTH DATA ELEMENTS--GENERAL INFORMATION | |
| fixed length control field | 191128s1980 sp ad gr 001 0dspa d |
| 020 ## - INTERNATIONAL STANDARD BOOK NUMBER | |
| International Standard Book Number | 847162821X |
| 040 ## - CATALOGING SOURCE | |
| Original cataloging agency | CO-JMCR |
| Transcribing agency | CO-JMCR |
| 041 0# - LANGUAGE CODE | |
| Language code of text/sound track or separate title | spa |
| Language code of original | eng |
| 082 04 - DEWEY DECIMAL CLASSIFICATION NUMBER | |
| Classification number | 330.09 / |
| Item number | K666t |
| Edition number | 23 |
| 100 1# - MAIN ENTRY--PERSONAL NAME | |
| Personal name | Koopmans, Tjalling C., |
| Relator term | autor |
| 9 (RLIN) | 4590 |
| 245 10 - TITLE STATEMENT | |
| Title | Tres ensayos sobre el Estado de la ciencia económica : |
| Remainder of title | y los conceptos de optimalidad y su utilización / |
| Statement of responsibility, etc. | Tjalling C. Koopmans ; traducción de Salvador Barberá y Javier Ruiz-Castillo |
| 260 ## - PUBLICATION, DISTRIBUTION, ETC. | |
| Place of publication, distribution, etc. | Barcelona : |
| Name of publisher, distributor, etc. | Antoni Bosch, |
| Date of publication, distribution, etc. | 1980 |
| 300 ## - PHYSICAL DESCRIPTION | |
| Extent | xiv, 279 páginas : |
| Other physical details | gráficos a blanco y negro ; |
| Dimensions | 22 cm. |
| 490 ## - SERIES STATEMENT | |
| Series statement | Economía ; |
| Volume/sequential designation | 4 |
| 500 ## - GENERAL NOTE | |
| General note | Incluye datos biográficos del autor en la solapa. |
| 504 ## - BIBLIOGRAPHY, ETC. NOTE | |
| Bibliography, etc. note | Bibliografía: páginas 261-265 |
| 505 ## - FORMATTED CONTENTS NOTE | |
| Formatted contents note | Asignación de recursos y sistema de precios -- La construcción del conocimiento económico -- La interacción de instrumentos y problemas en economía |
| 534 ## - ORIGINAL VERSION NOTE | |
| Introductory phrase | Three essays on the state of economic science |
| 546 ## - LANGUAGE NOTE | |
| Language note | Traducido del inglés |
| 650 14 - SUBJECT ADDED ENTRY--TOPICAL TERM | |
| Topical term or geographic name entry element | Economía |
| General subdivision | Asignación de recursos Precios |
| 9 (RLIN) | 4591 |
| 650 24 - SUBJECT ADDED ENTRY--TOPICAL TERM | |
| Topical term or geographic name entry element | Conocimiento económico |
| 9 (RLIN) | 4592 |
| 700 1# - ADDED ENTRY--PERSONAL NAME | |
| Personal name | Barberá, Salvador, |
| Relator term | traductor |
| 9 (RLIN) | 4593 |
| 700 1# - ADDED ENTRY--PERSONAL NAME | |
| Personal name | Ruiz-Castillo, Javier, |
| Relator term | traductor |
| 9 (RLIN) | 4594 |
| 942 ## - ADDED ENTRY ELEMENTS (KOHA) | |
| Source of classification or shelving scheme | Dewey Decimal Classification |
| Koha item type | Books |
| Withdrawn status | Lost status | Source of classification or shelving scheme | Materials specified (bound volume or other part) | Damaged status | Not for loan | Home library | Current library | Shelving location | Date acquired | Source of acquisition | Cost, normal purchase price | Total Checkouts | Full call number | Barcode | Date last seen | Copy number | Price effective from | Koha item type |
|---|---|---|---|---|---|---|---|---|---|---|---|---|---|---|---|---|---|---|
| Dewey Decimal Classification | Donación--15/04/2018-- | Biblioteca Pública José María del Castillo y Rada | Biblioteca Pública José María del Castillo y Rada | General Stacks | 11/28/2019 | Donación | 0.00 | 330.09 / K666t | 430001866 | 05/16/2024 | Ej.1 | 11/28/2019 | Books |